Black Clover Arcs - Statistics

General Stats
  • This quiz has been taken 31 times
  • The average score is 4 of 11
Answer Stats
Hint Answer % Correct
Arc 10 Spade Kingdom Raid
58%
Arc 5 Seabed Temple
50%
Just Write Arc 11 Or Final > Arc 11
46%
Arc 8 Elf Reincarnation
42%
Arc 9 Heart Kingdom Joint Struggle
38%
Arc 4 Eye of The Midnight Sun Encounter
33%
Arc 7 Royal Knights
33%
Arc 1 Magic Knights Entrance
29%
Arc 6 Witches Forest
29%
Arc 2 Dungeon Exploration
21%
Arc 3 Royal Capital Assault
13%
No matching quizzes found
Score Distribution
Percent of People with Each Score
Percentile by Number Answered
Your Score History
You have not taken this quiz